| 000 | 00818nam a22002537a 4500 | ||
|---|---|---|---|
| 999 |
_c8107 _d8107 |
||
| 001 | 21600 | ||
| 003 | BD-DhUAP | ||
| 005 | 20220621114506.0 | ||
| 008 | 151114r19711929enk 00011 eng d | ||
| 020 | _a9780099273974 | ||
| 040 |
_aANL _beng _dBD-DhUAP _cBD-DhUAP _eBD-DhUAP |
||
| 082 | 0 |
_a823.91 HEM _218 |
|
| 100 | 1 |
_aHemingway, Ernest, _d1899-1961. _95676 |
|
| 245 | 1 | 2 |
_aA farewell to arms / _cErnest Hemingway ; with a commentary by Tony Tanner. |
| 260 |
_aLondon : _bVINTAGE BOOKS, _cc1929. |
||
| 300 |
_a293 p. ; _c20 cm. |
||
| 490 | _aModern novel series | ||
| 500 | _aFiction in English, 1900-. Texts (BNB/PRECIS) | ||
| 500 | _aOriginally published, New York: Scribner; London: Cape, 1929. | ||
| 504 | _abibl p317. | ||
| 650 |
_aWorld War, 1914-1918 _v Fiction _916146 |
||
| 942 |
_2ddc _cBK |
||